[Event "Texas Amateur-ch"]
[Site "Dallas"]
[Date "2003.05.25"]
[Round "4"]
[White "Haney, Paul A"]
[Black "Neskovic, Misel"]
[Result "1-0"]
[WhiteElo "1928"]
[BlackElo "1654"]
[PlyCount "79"]
[EventDate "2003.05.23"]
[EventType "swiss"]
[EventRounds "7"]
[EventCountry "USA"]
[SourceTitle "EXT 2005"]
[Source "ChessBase"]
[SourceDate "2004.11.15"]
[SourceVersion "1"]
[SourceVersionDate "2004.11.15"]
[SourceQuality "1"]

1. d4 d5 2. c4 c6 3. cxd5 cxd5 4. Nc3 Nf6 5. Nf3 Nc6 6. Bf4 a6 7. e3 Bg4 8. Rc1 e6 9. Qb3 Na5 10. Qa4+ b5 11. Nxb5 axb5 12. Bxb5+ Nd7 13. Rc7 Nc6 14. Qc2 Bb4+ 15. Kf1 0-0 16. a3 Bxf3 17. gxf3 e5 18. Rxc6 exf4 19. Rg1 Qh4 20. Qf5 fxe3 21. fxe3 Be1 22. Rg2 Ba5 23. Re2 Rfb8 24. Qxd7 Rxb5 25. Rec2 Rd8 26. Rc8 Rb8 27. b4 Rbxc8 28. Rxc8 Rxc8 29. Qxc8+ Qd8 30. Qxd8+ Bxd8 31. e4 Bb6 32. exd5 Kf8 33. Ke2 Bxd4 34. h3 Ke7 35. Kd3 Bb6 36. a4 f5 37. a5 Bc7 38. Kc4 Kd7 39. h4 h6 40. h5 1-0